00709nam a2200205 i 4500001000300000100002100003245010900024260005200133300003400185504002600219650004400245020001500289020001800304040000800322041000800330044000800338080001800346008004100364856009800405bg1 aChybicka, Aneta.10aPsychologia twórczości grupowej :bjak moderować zespoły twórcze i zadaniowe /cAneta Chybicka. aKraków :bOficyna Wydawnicza "Impuls",c2006. a203, [38] s. :bil. ;c24 cm. aBibliogr. s. 199-203. 9aMyślenie twórczexnauczaniexmetody a8373087109 a9788373087101 cBPK0 apol aPOL a37.03:159.955 s pl f |000 0 pol  uhttp://koha.tu.koszalin.pl/cgi-bin/koha/opac-detail.pl?biblionumber=55304yKatalog online BPK